Państwa według wskazówek związanych z igrzyskami olimpijskimi - Statystyki

Ogólne statystyki
  • Ten quiz został rozwiązany 1 537 razy
  • Średni wynik to 14 z 20
Statystyki odpowiedzi
Podpowiedź Odpowiedź % Poprawnych
Ma najwięcej medali olimpijskich ze wszystkich krajów Stany Zjednoczone
99%
Pierwszy kraj azjatycki, który był gospodarzem igrzysk Japonia
97%
Pierwsze państwo, w którym odbyły się nowożytne igrzyska, w 1896 roku Grecja
96%
Całkowicie zdominował tenis stołowy, zdobywając 86% wszystkich złotych medali Chiny
93%
Wyrzucony z igrzysk olimpijskich od 2017 roku za doping sponsorowany przez państwo Rosja
87%
Ma najwięcej medali na Zimowych Igrzyskach Olimpijskich ze wszystkich krajów Norwegia
84%
Zdobył najwięcej medali w maratonie Kenia
79%
Był gospodarzem igrzysk olimpijskich więcej razy niż jakikolwiek inny kraj z wyjątkiem Stanów Zjednoczonych. Francja
76%
Zdobył złoty medal w biegu na 100 metrów mężczyzn i kobiet 2008, 2012 i 2016 Jamajka
74%
Kraj reprezentowany przez Nadię Comăneci, pierwszą gimnastyczkę, która zdobyła doskonałe 10,0 Rumunia
72%
Ma najwięcej medali w narciarstwie alpejskim Austria
65%
Jeden z dwóch krajów afrykańskich, który zdobył złoty medal w piłce nożnej Nigeria / Kamerun
64%
Ma więcej medali pływackich niż jakikolwiek inny kraj poza USA Australia
63%
Zdominował Igrzyska Olimpijskie 1936, zdobywając 29% wszystkich przyznanych medali Niemcy
60%
Kraj reprezentowany przez Paavo Nurmi, 9-krotnego złotego medalistę w biegach długodystansowych Finlandia
54%
Znani medaliści to Mo Farah i Paula Radcliffe Wielka Brytania
47%
Mimo ponad 170 milionów mieszkańców nigdy nie zdobyła medalu olimpijskiego Bangladesz
45%
Rozrzedzone powietrze w stolicy tego kraju pomogło Bobowi Beamonowi rozbić rekord świata w skoku w dal z 1968 r Meksyk
43%
Zdobył 9 złotych medali w męskiej piłce wodnej, w tym w słynnym „Blood in the Water” meczu z Sowietami w 1956 r Węgry
43%
Prowadzeni przez Manu Ginobili zdobyli złoty medal w koszykówce mężczyzn w 2004 roku Argentyna
29%
Nie znaleziono quizów pasujących do podanych kryteriów
Rozkład punktacji
Procent ludzi z każdym wynikiem
Percentyl według liczby udzielonych odpowiedzi
Twoja historia wyników
Nie rozwiązałeś tego quizu